00931cam 2200265 4500001000800000005001700008008004100025035002100066906004500087010001700132040003700149050003200186082001000218100003500228245010500263260004700368300002300415440003300438504003000471650002100501650001900522700004000541991005200581099003200633169514819860624000000.0800124s1961 ilu b 000 0 eng c 9(DLC)a 63000209 a7bcbccorignewduencipf19gy-gencatlg aa 63000209  aNotre Dame Univ. Libr.cDLCdDLC00aAC1b.G74 1959 vol. 5aK23000a340.11 aAdler, Mortimer Jerome,d1902-10aPhilosophy of law and jurisprudence,cby Mortimer J. Adler and Peter Wolff. Pref. by Edward H. Levi. aChicago,bEncyclopaedia Britannicac[1961] axx, 251 p.c21 cm. 4aThe Great ideas program ;v5 aBibliography: p. 240-251. 0aLawxPhilosophy. 0aJurisprudence.1 aWolff, Peter,d1923-ejoint author. bc-GenCollhAC1i.G74 1959 vol. 5tCopy 1wBOOKS aadler-philosophy-1072276760